| 000 | 00533nam a2200121Ia 4500 | ||
|---|---|---|---|
| 008 | 220620s9999||||xx |||||||||||||| ||und|| | ||
| 100 | _avon Sonntag, Clemens||von Gunten, Urs | ||
| 245 | 0 | _aChemistry of Ozone in Water and Wastewater Treatment | |
| 546 | _aEnglish[eng] | ||
| 650 | _aTechnology & Engineering||Environmental||General||Science||Applied Sciences||Science||Environmental Science (see Also Chemistry||Environmental) | ||
| 856 | _uhttps://library.oapen.org/bitstream/20.500.12657/43794/1/external_content.pdf | ||
| 942 | _cEB | ||
| 999 |
_c31072 _d31072 |
||